00505 a2200169 450000100060000002000270000604000220003310000230005524000380007824500360011630000110015236200090016365000300017294200070020295201090020999900170031863882 a9788524913709 (broch.) cAnchieta - Pituba aRezende, Renato C.10aLíngua como prática social l10aLíngua como prática social  a280p. 0 a2008 4aSociologia e Antropologia cBK 00104070a91.1b91.1d2023-11-21l0o301 H241l HAN LINp17482/PITr2023-11-21 18:32:19w2023-11-21yBK c63882d63882